Lekcii po mikroekonomičeskomu analizu

Salvato in:
Dettagli Bibliografici
Autore principale: Malinvaud, Edmond
Natura: Libro
Lingua:russo
Pubblicazione: Moskva Nauka 1985
Serie:Ekonomiko-matematičeskaja biblioteka
Tags: Aggiungi Tag
Nessun Tag, puoi essere il primo ad aggiungerne!!

MARC

LEADER 00000nam a2200000 4500
001 c110533
005 20240912065841.6
041 0 |a rus 
044 |a RU 
245 1 0 |a Lekcii po mikroekonomičeskomu analizu  |c Edmond Malinvaud ; [Perevod s francuzskogo Ch.A. Atakšijeva] 
264 1 |a Moskva  |b Nauka  |c 1985 
300 |a 389 s. 
490 1 |a Ekonomiko-matematičeskaja biblioteka 
830 0 |a Ekonomiko-matematičeskaja biblioteka 
100 1 |a Malinvaud, Edmond